[Event "Challenge"]
[Site "http://www.queenalice.com/game.php?id=446926"]
[Date "2008.8.11"]
[Round "-"]
[White "valmir"]
[Black "pawn3"]
[Result "1-0"]
[WhiteElo "1386"]
[BlackElo "1348"]

1. e4 e5 2. Qh5 d6 3. Nf3 g6 4. Qg5 Be7 5. Qe3 Bd7 6. Ng5 Bxg5 7. Qb3 Qc8 8. Bc4
Nh6 9. h4 Be7 10. Qe3 Ng4 11. Qf3 O-O 12. h5 Nc6 13. hxg6 hxg6 14. Qh3 Kg7 15.
Qd3 Rh8 16. Rg1 Be6 17. c3 Bxc4 18. Qxc4 Na5 19. Qd5 b6 20. f3 Nf6 21. Qd3 Qb7
22. Qe3 c6 23. g4 Rae8 24. f4 exf4 25. Qxf4 Nxe4 26. Rf1 Bg5 27. Qxf7+ Qxf7 28.
Rxf7+ Kxf7 29. Na3 Nxc3+ 30. Kf2 1-0

[Event "Challenge"]
[Site "http://www.queenalice.com/game.php?id=446959"]
[Date "2008.8.11"]
[Round "-"]
[White "pawn3"]
[Black "mmarco"]
[Result "0-1"]
[WhiteElo "1331"]
[BlackElo "1380"]

1. e4 e5 2. Nf3 Bd6 3. Nc3 c6 4. d3 b5 5. Ne2 c5 6. Ng3 h6 7. Nf5 Bf8 8. Nxe5 d6
9. Nf3 Bxf5 10. exf5 Be7 0-1

[Event "Challenge"]
[Site "http://www.queenalice.com/game.php?id=446960"]
[Date "2008.8.11"]
[Round "-"]
[White "mmarco"]
[Black "pawn3"]
[Result "1-0"]
[WhiteElo "1394"]
[BlackElo "1316"]

1. d4 d5 2. Qd3 Nc6 3. c3 Qd6 4. g3 g6 5. Bf4 Qf6 6. Bh3 Bxh3 7. Nxh3 O-O-O 8.
e4 dxe4 9. Qxe4 Bh6 10. Nd2 Bxf4 11. Nxf4 1-0

[Event "Challenge"]
[Site "http://www.queenalice.com/game.php?id=446962"]
[Date "2008.8.11"]
[Round "-"]
[White "alan_enxadrista"]
[Black "pawn3"]
[Result "1-0"]
[WhiteElo "1680"]
[BlackElo "1356"]

1. d4 d5 2. Nf3 e6 3. Bf4 Nf6 4. e3 a6 5. c4 Nc6 6. Nc3 Be7 7. cxd5 exd5 8. Ne5
O-O 9. Nxc6 bxc6 10. Bd3 a5 11. Be5 Re8 12. Qc2 1-0

[Event "Challenge"]
[Site "http://www.queenalice.com/game.php?id=446965"]
[Date "2008.8.11"]
[Round "-"]
[White "pawn3"]
[Black "jhpj"]
[Result "0-1"]
[WhiteElo "1623"]
[BlackElo "1649"]

1. e4 c5 2. e5 e6 3. c3 Nc6 4. Nf3 Nge7 5. d3 g6 6. Bg5 Bg7 7. Nbd2 O-O 8. Qe2
Qa5 9. Nc4 Qc7 10. Qe4 d5 11. exd6 Qd7 12. dxe7 Qxe7 13. Bxe7 Nxe7 14. Be2 Rb8
15. O-O Bd7 16. Nfe5 Bxe5 0-1

[Event "Challenge"]
[Site "http://www.queenalice.com/game.php?id=446966"]
[Date "2008.8.11"]
[Round "-"]
[White "jhpj"]
[Black "pawn3"]
[Result "1-0"]
[WhiteElo "1664"]
[BlackElo "1576"]

1. e4 e5 2. Nf3 Nc6 3. Bc4 h6 4. O-O d6 5. Nc3 Nf6 6. d3 Be7 7. Be3 O-O 8. d4
exd4 9. Nxd4 Nxe4 10. Nxe4 d5 11. Bd3 dxe4 12. Bxe4 Ne5 13. b3 c6 14. c4 Bc5 15.
h3 f5 16. Bf3 f4 17. Bxf4 1-0

[Event "Challenge"]
[Site "http://www.queenalice.com/game.php?id=446967"]
[Date "2008.8.11"]
[Round "-"]
[White "pawn3"]
[Black "SGF"]
[Result "0-1"]
[WhiteElo "1350"]
[BlackElo "1709"]

1. e4 e5 2. Nf3 Qf6 3. h3 d6 4. Nh2 Be7 5. Nc3 c6 6. d3 Qg6 7. Ne2 h5 8. Ng3 h4
9. Ne2 Na6 10. Ng1 Be6 0-1

[Event "Challenge"]
[Site "http://www.queenalice.com/game.php?id=446970"]
[Date "2008.8.11"]
[Round "-"]
[White "neves"]
[Black "pawn3"]
[Result "0-1"]
[WhiteElo "1538"]
[BlackElo "1500"]

1. d4 d5 2. e3 e6 3. c4 Nf6 4. c5 c6 5. b4 Be7 6. h4 Nbd7 7. a4 O-O 8. g4 e5 9.
g5 Ne4 10. f3 Ng3 11. Rh3 Nxf1 12. Kxf1 f6 13. f4 fxg5 14. hxg5 Bxg5 15. Qh5 h6
16. dxe5 Nxe5 17. Kg2 Bg4 18. Qxg4 Nxg4 19. fxg5 Qxg5 20. Ne2 Nxe3+ 21. Kh2 Qg2#
0-1

[Event "Challenge"]
[Site "http://www.queenalice.com/game.php?id=447548"]
[Date "2008.8.12"]
[Round "-"]
[White "pawn3"]
[Black "mustangmike"]
[Result "0-1"]
[WhiteElo "1287"]
[BlackElo "1948"]

1. e4 e6 2. e5 d5 3. d4 f6 4. Nf3 f5 5. Bg5 Be7 6. h4 h6 7. Bd2 Nc6 8. Bb5 Bd7
9. a3 a6 10. Be2 Na7 11. g3 c5 12. dxc5 Bxc5 13. Nh2 Ne7 14. Nc3 d4 15. Na2 Bc6
16. Bf3 Qc7 17. Nb4 Qxe5+ 18. Kf1 Bb5+ 0-1

[Event "Challenge"]
[Site "http://www.queenalice.com/game.php?id=447555"]
[Date "2008.8.12"]
[Round "-"]
[White "pawn3"]
[Black "XaraX"]
[Result "0-1"]
[WhiteElo "1814"]
[BlackElo "1779"]

1. e4 e5 2. Nf3 Nc6 3. Bb5 Nge7 4. Nc3 a6 5. Ba4 b5 6. Bb3 h6 7. Bd5 d6 8. d4
Nxd5 9. Nxd5 exd4 10. Nxd4 Nxd4 11. Qxd4 Bb7 12. O-O c5 13. Qd1 Be7 14. Re1 O-O
15. Qg4 Bxd5 16. exd5 Bg5 17. f4 Re8 18. Rxe8+ Qxe8 19. Bd2 Qe4 20. Re1 Qd4+ 21.
Be3 Qc4 22. Qe2 Qxe2 23. Rxe2 Bf6 24. g4 Bxb2 25. h4 Re8 26. Kf2 Bf6 27. g5 hxg5
28. hxg5 Bb2 29. f5 Re5 0-1

[Event "Challenge"]
[Site "http://www.queenalice.com/game.php?id=447557"]
[Date "2008.8.12"]
[Round "-"]
[White "XaraX"]
[Black "pawn3"]
[Result "1-0"]
[WhiteElo "1796"]
[BlackElo "1727"]

1. d4 d5 2. c4 e6 3. Nc3 c5 4. cxd5 Nf6 5. Bg5 Be7 6. dxc5 Qa5 7. d6 Bd8 8. Qa4+
Nbd7 9. Qxa5 Bxa5 10. Bxf6 gxf6 11. Rb1 Bxc3+ 12. bxc3 Nxc5 13. e3 a6 14. Nf3
Ne4 15. c4 Nxd6 16. Be2 Ne4 17. O-O Nc3 18. Rb2 Bd7 19. Nd4 e5 20. Nb3 Rg8 21.
Nc5 Bh3 22. Bf3 Rc8 23. Nxb7 Ke7 24. Rc1 Rxc4 25. Rbc2 Ne2+ 26. Bxe2 Rxg2+ 27.
Kh1 Rxc2 28. Rxc2 Rxf2 29. Kg1 Rg2+ 30. Kh1 Kf8 31. Bd3 Rg5 32. Bxh7 Bg2+ 33.
Rxg2 1-0